Primavera con una esquina rota /

Guardado en:
Autor Principal: Benedetti, Mario
Formato: Libro
Publicado: Buenos Aires : Seix Barral
Series:Biblioteca Mario Benedetti
Materias:
Etiquetas: Agregar Etiqueta
Sin Etiquetas, Sea el primero en etiquetar este registro!
LEADER 00627nam a22002175a 4500
001 CEM.cems011318
005 20081031094429.0
008 130507b######################000#0#####d
003 CEMS
020 |a 9507312625 
082 0 4 |a U863.4 
100 1 |a Benedetti, Mario 
245 1 0 |a Primavera con una esquina rota /  |c  Mario Benedetti 
260 |a Buenos Aires :  |b Seix Barral 
300 |a 174 p. 
490 0 |a Biblioteca Mario Benedetti 
653 |a Literatura 
653 |a Literatura uruguaya-siglo 20 
653 |a Novelas 
653 |a Novela uruguaya-siglo 20 
859 |a CEMS  |b BIB. CEMS - 11 de abril  |h U863.4  |i B434-5  |p 22238.03  |t Ej.1